<?xml version="1.0" encoding="UTF-8"?>
<record
    xmlns:xsi="http://www.w3.org/2001/XMLSchema-instance"
    xsi:schemaLocation="http://www.loc.gov/MARC21/slim http://www.loc.gov/standards/marcxml/schema/MARC21slim.xsd"
    xmlns="http://www.loc.gov/MARC21/slim">

  <leader>00483nam a22001697a 4500</leader>
  <datafield tag="999" ind1=" " ind2=" ">
    <subfield code="c">9499</subfield>
    <subfield code="d">9499</subfield>
  </datafield>
  <controlfield tag="003">GBCCL</controlfield>
  <controlfield tag="005">20241126110713.0</controlfield>
  <controlfield tag="008">230214b           ||||| |||| 00| 0 eng d</controlfield>
  <datafield tag="040" ind1=" " ind2=" ">
    <subfield code="c">gbc</subfield>
  </datafield>
  <datafield tag="082" ind1=" " ind2=" ">
    <subfield code="a">VER 390.08</subfield>
    <subfield code="b">PAI</subfield>
  </datafield>
  <datafield tag="245" ind1=" " ind2=" ">
    <subfield code="a">Paite Pupa Ngeina leh a kizatnate: </subfield>
    <subfield code="b">2vei puahphatna 2013</subfield>
  </datafield>
  <datafield tag="260" ind1=" " ind2=" ">
    <subfield code="a">Lamka:</subfield>
    <subfield code="b">Paite Tribe Council,</subfield>
    <subfield code="c">2020</subfield>
  </datafield>
  <datafield tag="300" ind1=" " ind2=" ">
    <subfield code="a">76p. ;</subfield>
  </datafield>
  <datafield tag="650" ind1=" " ind2=" ">
    <subfield code="a">Custom </subfield>
    <subfield code="v">Paite</subfield>
    <subfield code="9">16550</subfield>
  </datafield>
  <datafield tag="650" ind1=" " ind2=" ">
    <subfield code="a">Customary law and practices</subfield>
    <subfield code="v">Paite</subfield>
    <subfield code="z">India</subfield>
    <subfield code="9">16551</subfield>
  </datafield>
  <datafield tag="942" ind1=" " ind2=" ">
    <subfield code="2">ddc</subfield>
    <subfield code="c">BK</subfield>
    <subfield code="0">3</subfield>
  </datafield>
  <datafield tag="952" ind1=" " ind2=" ">
    <subfield code="0">0</subfield>
    <subfield code="1">0</subfield>
    <subfield code="2">ddc</subfield>
    <subfield code="4">0</subfield>
    <subfield code="7">0</subfield>
    <subfield code="a">GBC</subfield>
    <subfield code="b">GBC</subfield>
    <subfield code="c">VER</subfield>
    <subfield code="d">2023-02-14</subfield>
    <subfield code="l">5</subfield>
    <subfield code="o">VER 390.08 PAI</subfield>
    <subfield code="p">015972</subfield>
    <subfield code="r">2026-01-19 14:03:30</subfield>
    <subfield code="s">2026-01-13</subfield>
    <subfield code="t">c.1</subfield>
    <subfield code="w">2023-02-14</subfield>
    <subfield code="y">BK</subfield>
  </datafield>
</record>
